Random Knowledge Quiz #43 - Statistics

General Stats
  • This quiz has been taken 225 times
  • The average score is 11 of 18
Answer Stats
Question Answer % Correct
Who left the party at midnight and lost a shoe in the process? Cinderella
92%
Who is the only US president to have been born outside the US mainland? Barack Obama
91%
What is the chemical symbol of gold? Au
84%
Nepal
84%
India
83%
China
82%
In American football, how many points are awarded for a touchdown? 6
79%
Pakistan
76%
What kind of doctor specialices in female reproductive health? A gynecologist
62%
What sort of an animal is a flying fox? A bat
58%
Name the movie: The one in which Angelina Jolie and Brad Pitt fall in love both on screen and off screen. Mr. & Mrs. Smith
58%
Bhutan
55%
Which river flows through the Italian capital of Rome? The Tiber
45%
Name the six countries through which the Himalayas run Afghanistan
44%
What comes next after Rat, Ox, Tiger, Rabbit, Dragon and Snake? Horse
25%
Finish these lyrics: You know I love you, I always will / My mind's made up by the way that I feel / There's no beginning, there'll be no end / 'Cause on my love... You can depend
18%
Since the death of Queen Elizabeth II, which country now has the longest reigning monarch? Brunei
14%
Which long running reality competition show is hosted by Phil Keoghan? Amazing Race
9%
No matching quizzes found
Score Distribution
Percent of People with Each Score
Percentile by Number Answered
Your Score History
You have not taken this quiz